000 00396nam a22001697a 4500
003 OSt
005 20211006160959.0
008 211006b |||||||| |||| 00| 0 eng d
020 _a471590053
040 _cHU
082 _a155.4/MED
100 _aGENE R.MEDINNUS
_910966
245 _aCHILD & ADOLESCENT PSYCHOLOGY
260 _aAMERICA
_bINC
_c2969
300 _a787P
942 _2ddc
_cBOOKS
_n0
999 _c10135
_d10135